LEADER 01480nam a2200277 u 4500 001 000000024053 003 CaOOAMICUS 005 20070226111316.0 008 950609s1941 gw u000 u ger u 035 $a10608796 040 $aPUL(R)$bita 100 1 $aScheeben, Matthias Joseph,$d1835-1888.$0(OLS)http://pul/name/14574 245 14$aDie Mysterien des Christentums :$bWesen, Bedeutung und Zusammenhang derselben nach der in ihrem übernatürlichen Charakter gegebenen Perspektive /$cdargestellt von Matthias Joseph Scheeben ; Ausgabe letzter Hand hrsg. von Joseph Höfer. 260 $aFreiburg i. Br. :$bHerder,$c1941. 300 $axxxi, 777 p. ;$c24 cm 490 1 $aMatthias Joseph Scheebe Gesammelte Schriften ;$vBd. 2 504 $aContiene indici. 650 4$aDottrina cristiana.$0(OLS)http://pul/subject/2024 700 1 $aHöfer, Josef,$d1896-$0(OLS)http://pul/name/11565 830 0$aGesammelte Schriften$9(Scheebe, Matthias Joseph, 1835-1888) ;$v2.$0(OLS)http://pul/title/33368 850 $aPUL 852 $aPUL$W1$xDP1 Fondo Giannini$y60$m1559 D 18$j33690$nBK-PRI$b $qFondi$B33690$CPULBib$Z2$F33690 $H $81 941 1 $a1 961 $aINV: F;: Giannini 996 $6245$aDie Mysterien des Christentums :$bWesen, Bedeutung und Zusammenhang derselben nach der in ihrem übernatürlichen Charakter gegebenen Perspektive$9(OLS)http://pul/title/33367 996 $6260$aFreiburg i. Br. :$bHerder$9(OLS)http://pul/publisher/58280 LEADER 01394nam a2200325 u 4500 001 000000075496 003 CaOOAMICUS 005 20070226123116.0 008 031007s1993 it u000 u ita u 020 $a8870782077 035 $a10972171 040 $aPUL$bita 041 1 $aita$hspa 100 1 $aGrinberg, León.$0(OLS)http://pul/name/13174 240 10$aNueva introduccion a las ideas de Bion.$0(OLS)http://pul/title/99090 245 10$aIntroduzione al pensiero di Bion /$cLeon Grinberg, Dario Sor, Elizabeth Tabak de Bianchedi. 250 $aNuova edizione. 260 $aMilano :$bR. Cortina,$c1993. 300 $axv, 176 p. ;$c23 cm 490 1 $aCollana di psicologia clinica e psicoterapia ;$v55 650 4$aPsicanalisi$xSaggi.$0(OLS)http://pul/subject/26365 700 1 $aTabak de Bianchedi, Elizabeth.$0(OLS)http://pul/name/50150 700 1 $aSor, Darío.$0(OLS)http://pul/name/50149 830 0$aCollana di psicologia clinica e psicoterapia ;$v55.$0(OLS)http://pul/title/12189 850 $aPUL 852 $aPUL$W1$xSL Filosofia 1$y2$m97 S 55$j97142$nBK-PRI$b $qStampati$B97142$CPULBib$Z2$F97142 $H93152 $81 941 1 $a8 996 $6020$a8870782077$9(OLS)http://pul/number/98520 996 $6245$aIntroduzione al pensiero di Bion$9(OLS)http://pul/title/99091 996 $6260$aMilano :$bR. Cortina$9(OLS)http://pul/publisher/52064